Capitales des Pays qualifiés pour la Coupe du Monde 2018 - Statistiques

Statistiques générales
  • Ce quiz a été pris 265 fois
  • Le résultat moyen est 23 sur 32
Statistiques - réponses
Réponse % Correct
Paris
99%
Madrid
93%
Londres
91%
Moscou
87%
Berlin
86%
Brasilia
86%
Buenos Aires
85%
Lisbonne
84%
Tokyo
84%
Bruxelles
83%
Berne
78%
Mexico
77%
Lima
75%
Rabat
74%
Tunis
74%
Canberra
73%
Zagreb
72%
Le Caire
71%
Montevideo
71%
Stockholm
71%
Bogota
70%
Varsovie
70%
Séoul
69%
Dakar
68%
Copenhague
65%
Panama
62%
Belgrade
56%
Téhéran
56%
Reykjavik
55%
Riyad
54%
San José
43%
Abuja
42%
Aucun quiz correspondant
Distribution des résultats
% des personnes avec chaque résultat
Percentile par nombre de réponses
Votre historique - résultats
Vous n’avez pas pris ce quiz